| 000 | 01284nam a2200229Ia 4500 | ||
|---|---|---|---|
| 003 | Ost | ||
| 005 | 20260507074908.0 | ||
| 008 | 260507s9999||||xx |||||||||||||| ||und|| | ||
| 020 | _a9960246191 | ||
| 040 | _cfsecg | ||
| 041 | _aara | ||
| 082 | _a658.8 | ||
| 100 |
_aكوتلر، فيليب _eمؤلف |
||
| 245 | 0 |
_aأساسيات التسويق / _c فيليب كوتلر |
|
| 260 |
_aالرياض: _bدار المريخ للنشر, _c1998 |
||
| 300 |
_a660 صفحة؛ _bإيضاحات ؛ _c28 سم |
||
| 520 | _aتعريف التسويق وعملية التسويق، فهم موقع السوق والمستهلكين، تصميم أستراتيجية تسويق قيادة العميل والمزيج التسويقي، توسيع التسويق، تطوير النتج الجديد، دورة حياة المنتج، استراتيجية اتصالات التسويق المتكاملة، الإعلان وترويج المبيعات والعلاقات العامة، البيع الشخصي والتسويق المباشر، التسويق في العصر الرقمي، قياس الطلب والتنبؤ به | ||
| 653 | _aالتسويق | ||
| 653 | _aترويج المبيعات | ||
| 700 |
_aأرمسترونج، جاري _eمؤلف ثانوي |
||
| 942 | _cكتاب | ||
| 999 |
_c41712 _d41712 |
||